000 00364nam a2200133Ia 4500
008 100328s9999 xx 000 0 und d
082 _b68906
100 _aओक सुनेत्रा.
245 _aमनस्पर्श.
260 _bअक्षता.
630 _aमनस्पर्श.
730 _aमनस्पर्श.
942 _cBOOK
999 _c554640
_d554637